| 000 | 00421nam a2200181Ia 4500 | ||
|---|---|---|---|
| 008 | 210210b1965 xxu||||| |||| 00| 0 eng d | ||
| 041 | _aeng | ||
| 082 | _a829/240 | ||
| 100 | _aDEFOE (D) | ||
| 245 | _aRobinson Crusoe: Calvert Ed | ||
| 260 |
_aMadras _bMacmillan & Co. Ltd. _c1965 |
||
| 650 | _aRobinson | ||
| 650 | _aEd | ||
| 650 | _aCrusoe: | ||
| 650 | _aCalvert | ||
| 690 | _aEnglish Fiction | ||
| 906 | _a016845 | ||
| 999 |
_c136679 _d136679 |
||